00481cam a2200157 a 4500008004100000020001500041035001200056050002200068100000500090245009100095260004700186300002100233650001500254700002600269700002800295040322s1988 mx 000 0 spa u a9688561711 aa43603200aHV6431 bE99 1988 a00aE.U. y el terrorismo internacional /cNoam Chomsky...[et al.] ; comp. Heinz Dieterich. aMéxico :bUAM :bPlaza y Valdes, c1988. a251 p. ;c21 cm. 0aTerrorismo1 aChomsky, Noam, coaut.1 aDieterich, Heinz, comp.